[Event "ST-2021-0-00194"]
[Site "LSS email"]
[Date "2021.07.08"]
[Round "?"]
[White "Korkus, Marcin"]
[Black "Corti, Horacio"]
[Result "1/2-1/2"]
[WhiteElo "2383"]
[BlackElo "2357"]
[PlyCount "77"]
[EventDate "2021.05.24"]
[EventType "tourn (corr)"]
[EventRounds "6"]
[EventCountry "GER"]
[SourceTitle "Corr 2024"]
[Source "ChessBase"]
[SourceDate "2023.10.19"]
[SourceVersion "1"]
[SourceVersionDate "2023.10.19"]
[SourceQuality "1"]

1. d4 Nf6 2. c4 e6 3. Nc3 Bb4 4. a3 Bxc3+ 5. bxc3 c5 6. f3 d6 7. e4 Nc6 8. Bg5 h6 9. Be3 b6 10. Bd3 Na5 11. Nh3 Ba6 12. Qe2 Qc7 13. d5 Nd7 14. f4 exd5 15. cxd5 Bxd3 16. Qxd3 0-0 17. 0-0 Rae8 18. f5 c4 19. Qc2 Nb3 20. Rae1 Nf6 21. Nf2 Re7 22. g4 Rfe8 23. g5 Nxe4 24. f6 Nxf6 25. gxf6 Rxe3 26. Rxe3 Rxe3 27. Ng4 Qc5 28. Nxe3 Qxe3+ 29. Qf2 Qxc3 30. fxg7 Qd4 31. Qxd4 Nxd4 32. Kf2 Kxg7 33. a4 a6 34. Ke3 Nb3 35. h4 Nc5 36. Kd4 Nxa4 37. Kxc4 b5+ 38. Kb4 Nb6 39. Rd1 1/2-1/2

[Event "ST-2021-0-00194"]
[Site "LSS email"]
[Date "2021.06.27"]
[Round "?"]
[White "Koch, Christian"]
[Black "Korkus, Marcin"]
[Result "1/2-1/2"]
[WhiteElo "2372"]
[BlackElo "2383"]
[PlyCount "49"]
[EventDate "2021.05.24"]
[EventType "tourn (corr)"]
[EventRounds "6"]
[EventCountry "GER"]
[SourceTitle "Corr 2024"]
[Source "ChessBase"]
[SourceDate "2023.10.19"]
[SourceVersion "1"]
[SourceVersionDate "2023.10.19"]
[SourceQuality "1"]

1. c4 e5 2. Nc3 Nf6 3. Nf3 Nc6 4. e4 Bb4 5. d3 d6 6. a3 Bc5 7. b4 Bb6 8. Be3 Bg4 9. Be2 Bxf3 10. Bxf3 Nd4 11. Na4 Nxf3+ 12. Qxf3 Bxe3 13. Qxe3 0-0 14. 0-0 Nh5 15. g3 f5 16. exf5 Rxf5 17. Nc3 Nf6 18. f3 h5 19. h4 a5 20. Kg2 Qd7 21. Rae1 Qf7 22. Rf2 axb4 23. axb4 Rf8 24. Ref1 b6 25. Qe2 1/2-1/2